Blasting principles for open PIT mining Vol 1 (Record no. 564299)

000 -LEADER
fixed length control field 00369nam a2200121Ia 4500
008 - FIXED-LENGTH DATA ELEMENTS--GENERAL INFORMATION
fixed length control field 210430s9999 xx 000 0 und d
082 ## - DEWEY DECIMAL CLASSIFICATION NUMBER
Classification number 622.23 H968 B
100 ## - MAIN ENTRY--PERSONAL NAME
Personal name William Hustrulid
245 ## - TITLE STATEMENT
Title Blasting principles for open PIT mining Vol 1
Statement of responsibility, etc. William Hustrulid
260 ## - PUBLICATION, DISTRIBUTION, ETC.
Place of publication, distribution, etc. Netherlands
Name of publisher, distributor, etc. A.A Balkema,Rotterdam Brookfield
Date of publication, distribution, etc. 1999
300 ## - PHYSICAL DESCRIPTION
Extent 382p.
942 ## - ADDED ENTRY ELEMENTS (KOHA)
Koha item type Book
Source of classification or shelving scheme
Holdings
Withdrawn status Lost status Damaged status Not for loan Collection code Permanent Location Current Location Shelving location Date acquired Total Checkouts Full call number Barcode Date last seen Price effective from Koha item type
          School of Chemical & Materials Engineering (SCME) School of Chemical & Materials Engineering (SCME) General Stacks     622.23 H968 B SCME-3497 04/30/2021 04/30/2021 Book
© 2023 Central Library, National University of Sciences and Technology. All Rights Reserved.